000 00448cam a22001217a 4500
008 180718b1968 xxu||||| |||| 00| 0 eng d
082 _aA81x54 In2/61/6/Pt6/19
100 _aCensus of India 1961
245 _aJammu and Kashmir: village survey monograph of Sudhmbadev (tehsil & district Udhampur)
260 _aDelhi
_bThe Manager of Publications
_c1968
300 _a188+p.
440 _aCensus of India 1961. Volume VI, Jammu & Kashmir. Part VI No.19
999 _c484120
_d484120